000 01921nam a2200289Ia 4500
999 _c41669
_d41669
001 8343
003 GE_BSU
005 20201015120122.0
008 181216s2013 xx |||||||||||||| ||geo||
020 _a9789941932731.
040 _cGE_BSU
041 _ageo
080 _a342.4(479.22) ს-32
245 _aსაქართველოს კონსტიტუციის კომენტარი: თავი მეორე :
_bსაქართველოს მოქალაქეობა ადამიანის ძირითადი უფლებანი და თავისუფლებანი /
_cკომენტარის ავტ : ირაკლი ბურდული ; ევა გოცირიძე ; თინათინ ერქვანია ; და სხვ. სამეცნ. რედ. პაატა ტურავა .
264 _a[თბილისი.] :
_bშპს ,,პეტიტი.
_c2013.
300 _a632 გვ;
_c25 სმ.
653 _aსაქართველოს მოქალაქეობა
653 _aადამიანის ძირითადი უფლებები და თავისუფლებები
653 _aსაქართველოს 1995 წლის კონსტიტუცია -- კომენტარები
653 _aსამართალი
700 _aბურდული, ირაკლი
_97029
700 _aგოცირიძე, ევა
_9203
700 _a ერქვანია, თინათინ
_97030
700 _aტურავა, პაატა
_eსამეცნიერო რედაქტორი
_93298
856 _uhttp://www.library.court.ge/upload/Constitution_Commentary_Human_Rights.pdf
_yელექტრონული ვერსია
942 _cBK
_2udc